Catálogo público

Analisis de accion conjunta de insecticidas en larvas de gusano cogollero del maíz Spodotera frugiperda (J.E. Smith) (Lipidoptera : (Record no. 199741)

MARC details
000 -CABECERA
campo de control de longitud fija 00965nam a2200277Ia 4500
001 - NÚMERO DE CONTROL
campo de control Para_986
003 - IDENTIFICADOR DEL NÚMERO DE CONTROL
campo de control CHAP
008 - DATOS DE LONGITUD FIJA--INFORMACIÓN GENERAL
campo de control de longitud fija 220125s1984 xx 000 0 und d
010 ## - NÚMERO DE CONTROL DE LA BIBLIOTECA DEL CONGRESO
Número de control de LC 199741
040 ## - FUENTE DE LA CATALOGACIÓN
Centro/agencia transcriptor CHAP
090 ## - LOCALMENTE ASIGNADO TIPO-LC NÚMERO DE CLASIFICACIÓN (OCLC); NÚMERO DE CLASIFICACIÓN LOCAL (RLIN)
Número de clasificación (OCLC) (R) ; Numero de clasificación, CALL (RLIN) (NR) PA TESIS 952
100 ## - ENTRADA PRINCIPAL--NOMBRE DE PERSONA
Nombre de persona Carrillo Ramirez, Humberto
9 (RLIN) 19530
245 ## - MENCIÓN DE TÍTULO
Título Analisis de accion conjunta de insecticidas en larvas de gusano cogollero del maíz Spodotera frugiperda (J.E. Smith) (Lipidoptera :
Resto del título Noctuidae) /
Mención de responsabilidad, etc. por Humberto Carrillo Ramirez
260 ## - PUBLICACIÓN, DISTRIBUCIÓN, ETC.
Lugar de publicación, distribución, etc. Chapingo, Méx. :
Nombre del editor, distribuidor, etc. el autor
300 ## - DESCRIPCIÓN FÍSICA
Extensión 82 h.
502 ## - NOTA DE TESIS
Nota de tesis Tesis (M.C. Esp. en Entomología) CP Centro de Entomología y Acarología
650 ## - PUNTO DE ACCESO ADICIONAL DE MATERIA--TÉRMINO DE MATERIA
Término de materia o nombre geográfico como elemento de entrada Gusano cogollero del maíz Maíz
Subdivisión general Plagas
9 (RLIN) 164917
710 ## - PUNTO DE ACCESO ADICIONAL--NOMBRE DE ENTIDAD CORPORATIVA
Nombre de entidad corporativa o nombre de jurisdicción como elemento de entrada UACh Departamento Parasitología Agrícola
9 (RLIN) 164542
901 ## - ELEMENTOS DE DATOS A LOCAL LDA (RLIN)
a PA TESIS 952
902 ## - ELEMENTOS DE DATOS B LOCAL, LDB (RLIN)
a A
905 ## - ELEMENTOS DE DATOS E LOCAL, LDE (RLIN)
a 0000001984 0000000000 00
910 ## - DATOS DE OPCIÓN DEL USUARIO (OCLC)
Datos de opción del usuario 1984
942 ## - ELEMENTOS DE PUNTO DE ACCESO ADICIONAL (KOHA)
Tipo de ítem Koha Parasitologia_
942 ## - ELEMENTOS DE PUNTO DE ACCESO ADICIONAL (KOHA)
Tipo de ítem Koha Parasitologia_
-- 1
Holdings
Estado de retiro Estado de pérdida Fuente del sistema de clasificación o colocación Estado dañado Restricciones de uso No para préstamo Código de colección Localización permanente Ubicación/localización actual Fecha de adquisición Información codificada de la localización en otra ubicación Número de inventario Total de préstamos Signatura topográfica completa Código de barras Fecha visto por última vez Número de copia Precio válido a partir de Tipo de ítem Koha Nota pública
    Clasificación Universidad Autónoma de Chapingo   Préstamo interno   Tesis Parasitologia Agricola Parasitologia Agricola 27/10/2005 PARA (PA_6143) (No. UACh CONSUMO)   PA TESIS 952 4101001364 25/01/2022 Ej.1 25/01/2022 Tesis 3